[Event "XIX. DBMM Schach"]
[Site "Billerbeck"]
[Date "2019.09.08"]
[Round "7.3"]
[White "Gikas, Andreas Basilius"]
[Black "Guth, Thomas"]
[Result "0-1"]
[WhiteElo "2183"]
[BlackElo "2277"]
[Annotator "dgt"]
[PlyCount "88"]
[EventDate "2019.09.??"]
[EventType "team-swiss"]
[EventRounds "7"]
[EventCountry "GER"]
[SourceTitle "XIX. DBMM 2019"]
[Source "FV Schach e.V."]
[SourceDate "2019.09.09"]
[SourceVersion "4"]
[SourceVersionDate "2019.10.16"]
[SourceQuality "1"]
[WhiteTeam "Deutsche Post Bonn"]
[BlackTeam "AGI Frankfurt"]
[WhiteTeamCountry "GER"]
[BlackTeamCountry "GER"]

1. e4 e6 2. d4 d5 3. Nc3 Bb4 4. e5 Ne7 5. a3 Bxc3+ 6. bxc3 c5 7. a4 Qa5 8. Bd2
Nbc6 9. Nf3 Bd7 10. Bb5 Qc7 11. O-O Na5 12. Bd3 c4 13. Be2 f6 14. Re1 Nac6 15.
Bc1 Ng6 16. Bf1 fxe5 17. Nxe5 Ngxe5 18. Bf4 Qa5 19. Bxe5 Nxe5 20. Rxe5 Qxc3 21.
Re3 Qa5 22. Qh5+ g6 23. Qe5 O-O 24. g3 Rf5 25. Qd6 Qd2 26. Re2 Qxd4 27. Rb1 Bc6
28. Qxe6+ Kg7 29. Bh3 Rf6 30. Qe5 Qxe5 31. Rxe5 Rd8 32. a5 d4 33. Bg2 d3 34.
cxd3 cxd3 35. Bxc6 bxc6 36. Kf1 Rfd6 37. Ke1 Kf6 38. f4 Rd5 39. Rb7 Rxe5+ 40.
fxe5+ Kxe5 41. Rxa7 Kd4 42. Rxh7 Kc3 43. Kd1 Rf8 44. Rc7 Kd4 0-1

[Event "XIX. DBMM Schach"]
[Site "Billerbeck"]
[Date "2019.09.08"]
[Round "7.4"]
[White "Sadeghi, Behrang"]
[Black "Biedekoepper, Robert"]
[Result "1/2-1/2"]
[WhiteElo "2253"]
[BlackElo "2048"]
[Annotator "dgt"]
[PlyCount "45"]
[EventDate "2019.09.??"]
[EventType "team-swiss"]
[EventRounds "7"]
[EventCountry "GER"]
[SourceTitle "XIX. DBMM 2019"]
[Source "FV Schach e.V."]
[SourceDate "2019.09.09"]
[SourceVersion "4"]
[SourceVersionDate "2019.10.16"]
[SourceQuality "1"]
[WhiteTeam "AGI Frankfurt"]
[BlackTeam "Deutsche Post Bonn"]
[WhiteTeamCountry "GER"]
[BlackTeamCountry "GER"]

1. e4 c5 2. Nf3 Nc6 3. Bb5 g6 4. O-O Bg7 5. Re1 e5 6. c3 Nge7 7. d4 cxd4 8.
cxd4 Nxd4 9. Nxd4 exd4 10. Bg5 h6 11. Bh4 g5 12. Bg3 Qb6 13. Na3 O-O 14. Bd3 d5
15. exd5 Nxd5 16. Nc4 Qd8 17. Nd6 Be6 18. Qd2 Qd7 19. Bb5 Qd8 20. Bd3 Qd7 21.
Bb5 Qd8 22. Bd3 Qd7 23. Bb5 1/2-1/2

[Event "XIX. DBMM Schach"]
[Site "Billerbeck"]
[Date "2019.09.08"]
[Round "7.1"]
[White "Bohnhoff, Peter"]
[Black "Hoffmann, Hendrik"]
[Result "1/2-1/2"]
[WhiteElo "2078"]
[BlackElo "2274"]
[Annotator "br"]
[PlyCount "42"]
[EventDate "2019.09.??"]
[EventType "team-swiss"]
[EventRounds "7"]
[EventCountry "GER"]
[SourceTitle "XIX. DBMM 2019"]
[Source "FV Schach e.V."]
[SourceDate "2019.09.09"]
[SourceVersion "4"]
[SourceVersionDate "2019.10.16"]
[SourceQuality "1"]
[WhiteTeam "Europaeisches Patentamt Muenchen"]
[BlackTeam "le-tex Publishing Services Leipzig"]
[WhiteTeamCountry "GER"]
[BlackTeamCountry "GER"]

1. d4 Nf6 2. Nf3 d6 3. c4 c6 4. Nc3 Nbd7 5. Bg5 Qc7 6. e3 e5 7. Qc2 Be7 8. Bd3
h6 9. Bh4 a6 10. h3 b5 11. Bg3 O-O 12. O-O Re8 13. Rac1 b4 14. Ne4 Nh5 15. dxe5
Nxg3 16. Nxg3 dxe5 17. Bf5 Nc5 18. Bxc8 Raxc8 19. Ne4 Ne6 20. c5 Rcd8 21. Nd6
Bxd6 1/2-1/2

[Event "XIX. DBMM Schach"]
[Site "Billerbeck"]
[Date "2019.09.08"]
[Round "7.2"]
[White "Heinrich, Thomas"]
[Black "Brendemuehl, Bernd"]
[Result "0-1"]
[WhiteElo "2172"]
[BlackElo "1905"]
[Annotator "br"]
[PlyCount "68"]
[EventDate "2019.09.??"]
[EventType "team-swiss"]
[EventRounds "7"]
[EventCountry "GER"]
[SourceTitle "XIX. DBMM 2019"]
[Source "FV Schach e.V."]
[SourceDate "2019.09.09"]
[SourceVersion "4"]
[SourceVersionDate "2019.10.16"]
[SourceQuality "1"]
[WhiteTeam "le-tex Publishing Services Leipzig"]
[BlackTeam "Europaeisches Patentamt Muenchen"]
[WhiteTeamCountry "GER"]
[BlackTeamCountry "GER"]

1. d4 f5 2. Nf3 Nf6 3. g3 e6 4. Bg2 d5 5. O-O Bd6 6. c4 c6 7. b3 O-O 8. Ba3 Qe7
9. Bxd6 Qxd6 10. Nbd2 Nbd7 11. Qc2 Ne4 12. Rad1 h6 13. e3 g5 14. Ne1 g4 15. Nd3
Ndf6 16. Nf4 Kg7 17. Rb1 Bd7 18. b4 Nxd2 19. Qxd2 dxc4 20. b5 cxb5 21. Qa5 Nd5
22. Nxd5 exd5 23. Rxb5 Bxb5 24. Qxb5 Rad8 25. Qxb7+ Rd7 26. Qb5 Rb8 27. Qa5 Rb6
28. h3 Qb4 29. Qxb4 Rxb4 30. hxg4 fxg4 31. Re1 Rb2 32. e4 dxe4 33. Rxe4 c3 34.
d5 c2 0-1

[Event "XIX. DBMM Schach"]
[Site "Billerbeck"]
[Date "2019.09.08"]
[Round "7.3"]
[White "Bumes, Konrad"]
[Black "Rohne, Lars"]
[Result "1/2-1/2"]
[WhiteElo "1936"]
[BlackElo "2123"]
[Annotator "br"]
[PlyCount "50"]
[EventDate "2019.09.??"]
[EventType "team-swiss"]
[EventRounds "7"]
[EventCountry "GER"]
[SourceTitle "XIX. DBMM 2019"]
[Source "FV Schach e.V."]
[SourceDate "2019.09.09"]
[SourceVersion "4"]
[SourceVersionDate "2019.10.16"]
[SourceQuality "1"]
[WhiteTeam "Europaeisches Patentamt Muenchen"]
[BlackTeam "le-tex Publishing Services Leipzig"]
[WhiteTeamCountry "GER"]
[BlackTeamCountry "GER"]

1. d4 g6 2. g3 Bg7 3. Bg2 d6 4. e4 Nd7 5. Ne2 e5 6. d5 Ne7 7. c4 a5 8. Nbc3 Nc5
9. Be3 b6 10. O-O Bd7 11. Qd2 O-O 12. f4 f6 13. Rf2 exf4 14. Nxf4 g5 15. Nh5
Ng6 16. Nxg7 Kxg7 17. Bd4 Ne5 18. Bxe5 fxe5 19. Rxf8 Kxf8 20. Rf1+ Kg7 21. Qe2
Qe7 22. Qh5 Be8 23. Qf3 Bd7 24. Qh5 Be8 25. Qe2 Bd7 1/2-1/2

[Event "XIX. DBMM Schach"]
[Site "Billerbeck"]
[Date "2019.09.08"]
[Round "7.4"]
[White "Hartmann, Uwe"]
[Black "Santos, Paulo"]
[Result "0-1"]
[WhiteElo "1964"]
[BlackElo "1776"]
[Annotator "br"]
[PlyCount "96"]
[EventDate "2019.09.??"]
[EventType "team-swiss"]
[EventRounds "7"]
[EventCountry "GER"]
[SourceTitle "XIX. DBMM 2019"]
[Source "FV Schach e.V."]
[SourceDate "2019.09.09"]
[SourceVersion "4"]
[SourceVersionDate "2019.10.16"]
[SourceQuality "1"]
[WhiteTeam "le-tex Publishing Services Leipzig"]
[BlackTeam "Europaeisches Patentamt Muenchen"]
[WhiteTeamCountry "GER"]
[BlackTeamCountry "GER"]

1. e4 e5 2. Nf3 Nc6 3. Bc4 Nf6 4. d4 exd4 5. e5 d5 6. Bb5 Ne4 7. Bxc6+ bxc6 8.
Nxd4 Bd7 9. O-O Be7 10. Nd2 Nxd2 11. Bxd2 c5 12. Nb3 O-O 13. Qf3 c6 14. Qg3 Kh8
15. Be3 d4 16. Bf4 Be6 17. Rad1 Qb6 18. Bc1 a5 19. Kh1 a4 20. Nd2 Bf5 21. c3 d3
22. f4 Qd8 23. Qf3 Qd5 24. a3 Qxf3 25. Nxf3 c4 26. h3 f6 27. g4 Be4 28. Rde1
Bd5 29. Kh2 fxe5 30. Nxe5 Bd6 31. Kg3 Kg8 32. Nd7 Rfe8 33. Nb6 Rad8 34. Nxd5
cxd5 35. g5 Kf7 36. Kf3 Kg6 37. Kg4 h5+ 38. gxh6 gxh6 39. f5+ Kf7 40. Bxh6 Rg8+
41. Bg5 Rb8 42. Rf2 Bc5 43. Rg2 Rxg5+ 44. Kxg5 Rg8+ 45. Kf4 Rxg2 46. Rb1 Bd6+
47. Ke3 Rg3+ 48. Kd4 d2 0-1

[Event "XIX. DBMM Schach"]
[Site "Billerbeck"]
[Date "2019.09.08"]
[Round "7.1"]
[White "Zude, Arno"]
[Black "Feikes, Joerg"]
[Result "1/2-1/2"]
[WhiteElo "2372"]
[BlackElo "2063"]
[Annotator "jf"]
[PlyCount "55"]
[EventDate "2019.09.??"]
[EventType "team-swiss"]
[EventRounds "7"]
[EventCountry "GER"]
[SourceTitle "XIX. DBMM 2019"]
[Source "FV Schach e.V."]
[SourceDate "2019.09.09"]
[SourceVersion "4"]
[SourceVersionDate "2019.10.16"]
[SourceQuality "1"]
[WhiteTeam "Software AG Darmstadt"]
[BlackTeam "BA Tempelhof Berlin"]
[WhiteTeamCountry "GER"]
[BlackTeamCountry "GER"]

1. e4 e5 2. Nf3 Nc6 3. Bc4 Nf6 4. d3 Bc5 5. c3 a6 6. a4 Ba7 7. O-O d6 8. Na3
O-O 9. Bg5 Be6 10. b4 Qe7 11. Re1 h6 12. Bh4 Bxc4 13. Nxc4 Qe6 14. Qe2 Ne7 15.
b5 Ng6 16. Bg3 Bc5 17. Nfd2 h5 18. h3 h4 19. Bh2 axb5 20. axb5 Qd7 21. Rxa8
Rxa8 22. Rb1 Ra2 23. Qd1 Qe8 24. Ne3 Qa8 25. Nb3 Bb6 26. Nc1 Ra1 27. Ne2 Ra2
28. Nc1 1/2-1/2

[Event "XIX. DBMM Schach"]
[Site "Billerbeck"]
[Date "2019.09.08"]
[Round "7.2"]
[White "Kettenburg, Stefan"]
[Black "Eckert, Roland"]
[Result "1/2-1/2"]
[WhiteElo "2075"]
[BlackElo "2006"]
[Annotator "br"]
[PlyCount "29"]
[EventDate "2019.09.??"]
[EventType "team-swiss"]
[EventRounds "7"]
[EventCountry "GER"]
[SourceTitle "XIX. DBMM 2019"]
[Source "FV Schach e.V."]
[SourceDate "2019.09.09"]
[SourceVersion "4"]
[SourceVersionDate "2019.10.16"]
[SourceQuality "1"]
[WhiteTeam "BA Tempelhof Berlin"]
[BlackTeam "Software AG Darmstadt"]
[WhiteTeamCountry "GER"]
[BlackTeamCountry "GER"]

1. d4 Nf6 2. c4 e6 3. Nf3 b6 4. e3 Bb7 5. Bd3 Be7 6. O-O O-O 7. b3 d5 8. Bb2
Nbd7 9. Qe2 c5 10. cxd5 exd5 11. Nbd2 Ne4 12. Rac1 Re8 13. Ba6 Qc8 14. Bxb7
Qxb7 15. dxc5 1/2-1/2

[Event "XIX. DBMM Schach"]
[Site "Billerbeck"]
[Date "2019.09.08"]
[Round "7.3"]
[White "Mohr, Thomas"]
[Black "Koerlin, Hans Juergen"]
[Result "1-0"]
[WhiteElo "1904"]
[BlackElo "1916"]
[Annotator "hjk"]
[PlyCount "87"]
[EventDate "2019.09.??"]
[EventType "team-swiss"]
[EventRounds "7"]
[EventCountry "GER"]
[SourceTitle "XIX. DBMM 2019"]
[Source "FV Schach e.V."]
[SourceDate "2019.09.09"]
[SourceVersion "4"]
[SourceVersionDate "2019.10.16"]
[SourceQuality "1"]
[WhiteTeam "Software AG Darmstadt"]
[BlackTeam "BA Tempelhof Berlin"]
[WhiteTeamCountry "GER"]
[BlackTeamCountry "GER"]

1. f4 e5 2. fxe5 d6 3. exd6 Bxd6 4. Nf3 Bg4 5. e4 h5 6. d4 Nc6 7. c3 h4 8. e5
Be7 9. Be3 h3 10. Qe2 f6 11. e6 Qd5 12. Nbd2 Qxe6 13. g3 g5 14. Bf2 Qf7 15. Qe3
Be6 16. b3 Nh6 17. Bc4 Bxc4 18. Nxc4 O-O-O 19. O-O-O Ng4 20. Qe2 Qg6 21. Ne3
Ba3+ 22. Kd2 Rhe8 23. Rhf1 Qe4 24. Bg1 Nce5 25. Nxg4 Qxe2+ 26. Kxe2 Nxg4+ 27.
Kd3 c5 28. Rfe1 Ne5+ 29. Nxe5 fxe5 30. Kc2 cxd4 31. cxd4 exd4 32. Rxe8 Rxe8 33.
Bxd4 Re2+ 34. Rd2 Re1 35. Bxa7 Kc7 36. Bd4 Bd6 37. Kd3 Kc6 38. Be3 g4 39. Re2
Bxg3 40. Rxe1 Bxe1 41. Bg1 Kd5 42. Ke3 Ke5 43. Bf2 g3 44. Bxe1 1-0

[Event "XIX. DBMM Schach"]
[Site "Billerbeck"]
[Date "2019.09.08"]
[Round "7.1"]
[White "Eggenstein, Frank"]
[Black "Hohlfeld, Wolfgang"]
[Result "0-1"]
[WhiteElo "1995"]
[BlackElo "2067"]
[Annotator "br"]
[PlyCount "88"]
[EventDate "2019.09.??"]
[EventType "team-swiss"]
[EventRounds "7"]
[EventCountry "GER"]
[SourceTitle "XIX. DBMM 2019"]
[Source "FV Schach e.V."]
[SourceDate "2019.09.09"]
[SourceVersion "4"]
[SourceVersionDate "2019.10.16"]
[SourceQuality "1"]
[WhiteTeam "RWE AG Essen"]
[BlackTeam "Baubehoerde Hamburg"]
[WhiteTeamCountry "GER"]
[BlackTeamCountry "GER"]

1. e4 c5 2. d3 e6 3. f4 d5 4. Be2 Nc6 5. Nf3 Nf6 6. Nbd2 Be7 7. c3 O-O 8. O-O
dxe4 9. Nxe4 b6 10. Qc2 Bb7 11. Kh1 Qc7 12. Nxf6+ Bxf6 13. Be3 Ne7 14. Rad1 Nd5
15. Qc1 Rad8 16. Ne1 Nxe3 17. Qxe3 Rd7 18. Bf3 Rfd8 19. Bxb7 Qxb7 20. Rf2 Bh4
21. Rfd2 Bxe1 22. Qxe1 Qa6 23. a3 Rxd3 24. Rxd3 Rxd3 25. Rxd3 Qxd3 26. h3 h5
27. Qf2 g6 28. Kh2 Qf5 29. Qd2 Qd5 30. Qe2 $11 Qd6 31. g3 h4 32. Qe3 hxg3+ 33.
Kg2 Qd1 34. Kxg3 Qc2 35. Kh4 Qxb2 36. f5 exf5 37. Qe8+ Kg7 38. Qe5+ Kh7 39. Kg5
Qd2+ 40. Kh4 Qd8+ 41. Kg3 Qd3+ 42. Kh2 Qd2+ 43. Kg3 f4+ 44. Kg4 Qe3 0-1

[Event "XIX. DBMM Schach"]
[Site "Billerbeck"]
[Date "2019.09.08"]
[Round "7.2"]
[White "Hein, Ralf"]
[Black "Kuerschners, Stefan"]
[Result "1-0"]
[WhiteElo "2062"]
[BlackElo "1974"]
[Annotator "br"]
[PlyCount "121"]
[EventDate "2019.09.??"]
[EventType "team-swiss"]
[EventRounds "7"]
[EventCountry "GER"]
[SourceTitle "XIX. DBMM 2019"]
[Source "FV Schach e.V."]
[SourceDate "2019.09.09"]
[SourceVersion "4"]
[SourceVersionDate "2019.10.16"]
[SourceQuality "1"]
[WhiteTeam "Baubehoerde Hamburg"]
[BlackTeam "RWE AG Essen"]
[WhiteTeamCountry "GER"]
[BlackTeamCountry "GER"]

1. c4 c5 2. Nc3 Nf6 3. e4 d6 4. d3 Nc6 5. Nge2 g6 6. g3 Bg7 7. Bg2 O-O 8. O-O
Ne8 9. a3 Nc7 10. Rb1 Rb8 11. f4 Ne6 12. b4 Ned4 13. b5 Nxe2+ 14. Nxe2 Nd4 15.
f5 e6 16. fxg6 hxg6 17. Nf4 Qc7 18. a4 Qe7 19. Be3 b6 20. Qd2 Bb7 21. Nh3 Rbe8
22. Bg5 f6 23. Be3 e5 24. Bxd4 cxd4 25. a5 Kh7 26. Ra1 Bh6 27. Qa2 Ra8 28. Nf2
Be3 29. Kh1 Bxf2 30. Rxf2 Kg7 31. Raf1 Qe6 32. Qd2 Rf7 33. Ra1 Rff8 34. Qd1 Rh8
35. Rfa2 Qd7 36. Kg1 Rhf8 37. Qe2 Rh8 38. Ra4 Rhf8 39. R1a3 Rh8 40. Qa2 Qg4 41.
axb6 Qd1+ 42. Bf1 a5 43. Qe2 Qc1 44. Ra1 Qg5 45. Rxa5 Raf8 46. Ra7 Rf7 47. R1a2
Kg8 48. Qd2 Qg4 49. Be2 Qe6 50. Qd1 Rfh7 51. Bg4 Qe8 52. Qb3 Qf7 53. Qa3 f5 54.
Bf3 Qe7 55. exf5 Qg5 56. Rf2 Rxh2 57. Bd5+ Bxd5 58. Ra8+ Bxa8 59. Qxa8+ Kg7 60.
f6+ Kf7 61. Qb7+ 1-0

[Event "XIX. DBMM Schach"]
[Site "Billerbeck"]
[Date "2019.09.08"]
[Round "7.3"]
[White "Broszeit, Peter"]
[Black "Buchholz, Robert"]
[Result "0-1"]
[WhiteElo "1943"]
[BlackElo "1988"]
[Annotator "br"]
[PlyCount "102"]
[EventDate "2019.09.??"]
[EventType "team-swiss"]
[EventRounds "7"]
[EventCountry "GER"]
[SourceTitle "XIX. DBMM 2019"]
[Source "FV Schach e.V."]
[SourceDate "2019.09.09"]
[SourceVersion "4"]
[SourceVersionDate "2019.10.16"]
[SourceQuality "1"]
[WhiteTeam "RWE AG Essen"]
[BlackTeam "Baubehoerde Hamburg"]
[WhiteTeamCountry "GER"]
[BlackTeamCountry "GER"]

1. e4 d5 2. exd5 Nf6 3. d4 Nxd5 4. c4 Nb6 5. Nf3 Bg4 6. Be2 e6 7. O-O Nc6 8.
Nc3 Bxf3 9. Bxf3 Nxc4 10. Bxc6+ bxc6 11. Qa4 Nb6 12. Qxc6+ Qd7 13. Qxd7+ Kxd7
14. Be3 Bd6 15. Rac1 Rhb8 16. Rfd1 a5 17. b3 a4 18. Kf1 axb3 19. axb3 Nd5 20.
Nxd5 exd5 21. Rb1 Ra3 22. Rd3 Rba8 23. h3 Ra1 24. Rdd1 Rxb1 25. Rxb1 Ra2 26. g3
Kc6 27. Ke1 Ba3 28. Bc1 Bb4+ 29. Kf1 Bc3 30. Be3 Kb5 31. Kg2 Ra1 32. Rxa1 Bxa1
33. Kf3 Kb4 34. Ke2 Kxb3 35. Kd3 Bc3 36. f3 Bb4 37. g4 Bd6 38. f4 Kb4 39. h4 c5
40. dxc5 Bxc5 41. Bd2+ Kb5 42. f5 Be7 43. g5 g6 44. Kd4 Kc6 45. Bc1 Bd6 46. Bd2
Bg3 47. fxg6 fxg6 48. Bc1 Kd6 49. Bd2 Ke6 50. Be3 Bxh4 51. Kd3 Ke5 0-1

[Event "XIX. DBMM Schach"]
[Site "Billerbeck"]
[Date "2019.09.08"]
[Round "7.4"]
[White "Kaliski, Achim"]
[Black "Hielscher, Klaus Peter"]
[Result "0-1"]
[WhiteElo "1969"]
[BlackElo "1719"]
[Annotator "br"]
[PlyCount "82"]
[EventDate "2019.09.??"]
[EventType "team-swiss"]
[EventRounds "7"]
[EventCountry "GER"]
[SourceTitle "XIX. DBMM 2019"]
[Source "FV Schach e.V."]
[SourceDate "2019.09.09"]
[SourceVersion "4"]
[SourceVersionDate "2019.10.16"]
[SourceQuality "1"]
[WhiteTeam "Baubehoerde Hamburg"]
[BlackTeam "RWE AG Essen"]
[WhiteTeamCountry "GER"]
[BlackTeamCountry "GER"]

1. e4 c5 2. Nc3 Nc6 3. g3 g6 4. Bg2 Bg7 5. f4 d6 6. Nf3 e6 7. O-O Nge7 8. d3
O-O 9. Ne2 Rb8 10. c3 b5 11. d4 cxd4 12. Nfxd4 b4 13. c4 f5 14. Be3 Nxd4 15.
Bxd4 Qc7 16. Bxg7 Kxg7 17. Qd3 fxe4 18. Bxe4 Nf5 19. Rf3 Qc5+ 20. Kh1 Bb7 21.
Bxb7 Rxb7 22. Rd1 Qc6 23. Kg1 e5 24. Qd5 Qb6+ 25. c5 dxc5 26. Qxe5+ Kg8 27. Kh1
Re7 28. Qd5+ Kg7 29. Rd2 Rfe8 30. Ng1 Re1 31. Qd7+ R8e7 32. Qd8 Qc6 33. Qd5 Qb6
34. Qd8 Qc6 35. Qd5 Qb5 36. Qd3 c4 37. Qd5 Qb6 38. Rff2 c3 39. bxc3 bxc3 40.
Rc2 Ne3 41. Qd3 Qc6+ 0-1

[Event "XIX. DBMM Schach"]
[Site "Billerbeck"]
[Date "2019.09.08"]
[Round "7.1"]
[White "Koscielski, Janusz"]
[Black "Schulz, Michael"]
[Result "1-0"]
[WhiteElo "2270"]
[BlackElo "2213"]
[Annotator "br"]
[PlyCount "103"]
[EventDate "2019.09.??"]
[EventType "team-swiss"]
[EventRounds "7"]
[EventCountry "GER"]
[SourceTitle "XIX. DBMM 2019"]
[Source "FV Schach e.V."]
[SourceDate "2019.09.09"]
[SourceVersion "4"]
[SourceVersionDate "2019.10.16"]
[SourceQuality "1"]
[WhiteTeam "EKJ Herne und Wanne-Eickel"]
[BlackTeam "SV Osram Berlin"]
[WhiteTeamCountry "GER"]
[BlackTeamCountry "GER"]

1. e4 g6 2. d4 Bg7 3. Nf3 c6 4. Nc3 d5 5. h3 Nh6 6. Bf4 f6 7. exd5 cxd5 8. Nb5
Na6 9. c4 Nf7 10. cxd5 Qxd5 11. Nc3 Qe6+ 12. Be2 O-O 13. O-O Qf5 14. Bg3 e6 15.
Qb3 Qa5 16. a3 e5 17. dxe5 fxe5 18. Ng5 Nc5 19. Qa2 Qc7 20. Bc4 Qe7 21. Nxf7
Rxf7 22. Bxf7+ Qxf7 23. Qxf7+ Kxf7 24. Rad1 Bf5 25. Rfe1 Re8 26. f3 Nd3 27. Re2
Bf8 28. Ne4 Bxe4 29. fxe4 Bc5+ 30. Kh2 Nf4 31. Rc2 Bb6 32. Rd7+ Re7 33. Rxe7+
Kxe7 34. Bxf4 exf4 35. Rd2 Be3 36. Rd5 b6 37. b4 a6 38. g3 h5 39. gxf4 Bxf4+
40. Kg2 Bc7 41. Kf3 Ke6 42. Rd1 Bd6 43. Rg1 Kf7 44. Rc1 Be5 45. Rc6 Bd4 46. Rd6
Bg1 47. e5 g5 48. Rh6 a5 49. bxa5 bxa5 50. Rxh5 Kg6 51. Kg4 Be3 52. Rh8 1-0

[Event "XIX. DBMM Schach"]
[Site "Billerbeck"]
[Date "2019.09.08"]
[Round "7.2"]
[White "Rath, Alina"]
[Black "Hortolani, Sven Holger"]
[Result "0-1"]
[WhiteElo "2099"]
[BlackElo "2135"]
[Annotator "br"]
[PlyCount "108"]
[EventDate "2019.09.??"]
[EventType "team-swiss"]
[EventRounds "7"]
[EventCountry "GER"]
[SourceTitle "XIX. DBMM 2019"]
[Source "FV Schach e.V."]
[SourceDate "2019.09.09"]
[SourceVersion "4"]
[SourceVersionDate "2019.10.16"]
[SourceQuality "1"]
[WhiteTeam "SV Osram Berlin"]
[BlackTeam "EKJ Herne und Wanne-Eickel"]
[WhiteTeamCountry "GER"]
[BlackTeamCountry "GER"]

1. c4 e5 2. Nc3 Nc6 3. g3 f5 4. Bg2 Nf6 5. e3 d5 6. cxd5 Nb4 7. d3 Nfxd5 8.
Nxd5 Nxd5 9. Nf3 Bd6 10. O-O Qe7 11. Qb3 c6 12. e4 fxe4 13. dxe4 Nf6 14. Qc2
O-O 15. Be3 Kh8 16. Rad1 Bg4 17. h3 Bxf3 18. Bxf3 Qe6 19. Bg2 Bc7 20. a3 a6 21.
Qc3 Rfd8 22. Qb4 b6 23. Rxd8+ Rxd8 24. Rc1 c5 25. Qa4 Qc8 26. Qc4 Bd6 27. Bf1
b5 28. Qc2 c4 29. Kg2 Qc6 30. f3 $11 Rf8 31. Be2 Nh5 32. Rd1 Be7 33. g4 Nf4+
34. Bxf4 exf4 35. Rd5 Qb6 36. Qd2 Bh4 37. Bd1 Be7 38. Qf2 Qa5 39. Qc2 Rd8 40.
Rxd8+ Qxd8 41. Be2 Qd4 42. a4 Bc5 43. Qd1 Qf2+ 44. Kh1 h6 45. axb5 axb5 46.
Qd8+ Kh7 47. Qd1 Qe3 48. Kg2 Kg6 49. Kh1 Bd4 50. b3 c3 51. Bd3 Kg5 52. e5 Kh4
53. e6 Bc5 54. Qf1 Qd2 0-1

[Event "XIX. DBMM Schach"]
[Site "Billerbeck"]
[Date "2019.09.08"]
[Round "7.3"]
[White "Leveikina, Jevgenija"]
[Black "Gebert Vangeel, Ralf"]
[Result "1/2-1/2"]
[WhiteElo "2084"]
[BlackElo "1975"]
[Annotator "br"]
[PlyCount "88"]
[EventDate "2019.09.??"]
[EventType "team-swiss"]
[EventRounds "7"]
[EventCountry "GER"]
[SourceTitle "XIX. DBMM 2019"]
[Source "FV Schach e.V."]
[SourceDate "2019.09.09"]
[SourceVersion "4"]
[SourceVersionDate "2019.10.16"]
[SourceQuality "1"]
[WhiteTeam "EKJ Herne und Wanne-Eickel"]
[BlackTeam "SV Osram Berlin"]
[WhiteTeamCountry "GER"]
[BlackTeamCountry "GER"]

1. Nf3 Nf6 2. d4 d5 3. c4 e6 4. e3 c6 5. Nc3 Nbd7 6. Qc2 Be7 7. b3 O-O 8. Bd3
Re8 9. O-O Bd6 10. Bb2 Nf8 11. e4 dxe4 12. Nxe4 Nxe4 13. Bxe4 Be7 14. Rad1 Qa5
15. Ne5 f6 16. Bc3 Qc7 17. Nf3 Bd7 18. Rfe1 Rac8 19. c5 Red8 20. b4 Be8 $11 21.
Qb3 Bf7 22. Bd3 b5 23. Qc2 Qd7 24. d5 cxd5 25. Nd4 a6 26. a4 Rb8 27. axb5 axb5
28. Ra1 e5 29. Nf5 e4 30. Nxe7+ Qxe7 31. Bf1 Bg6 32. Ra5 d4 33. Bb2 d3 34. Qd2
Qc7 35. Rea1 h6 36. Ra7 Rb7 37. R7a6 Qf7 38. g3 Ne6 39. Bg2 Kh7 40. h4 f5 41.
Rc6 Rc7 42. Rb6 Rb7 43. Rc6 Rc7 44. Rb6 Rb7 1/2-1/2

[Event "XIX. DBMM Schach"]
[Site "Billerbeck"]
[Date "2019.09.08"]
[Round "7.4"]
[White "Mayer, Herbert"]
[Black "Selmanaj, Agim"]
[Result "1-0"]
[WhiteElo "1800"]
[BlackElo "1643"]
[Annotator "hm"]
[PlyCount "99"]
[EventDate "2019.09.??"]
[EventType "team-swiss"]
[EventRounds "7"]
[EventCountry "GER"]
[SourceTitle "XIX. DBMM 2019"]
[Source "FV Schach e.V."]
[SourceDate "2019.09.09"]
[SourceVersion "4"]
[SourceVersionDate "2019.10.16"]
[SourceQuality "1"]
[WhiteTeam "SV Osram Berlin"]
[BlackTeam "EKJ Herne und Wanne-Eickel"]
[WhiteTeamCountry "GER"]
[BlackTeamCountry "GER"]

1. f4 g6 2. Nf3 Bg7 3. e3 d6 4. Be2 Nc6 5. O-O a6 6. Nc3 e6 7. b3 Nge7 8. Bb2
O-O 9. Na4 Nf5 10. Bxg7 Nxg7 11. Nc3 e5 12. fxe5 dxe5 13. Qe1 h6 14. Kh1 Be6
15. Rc1 Qe7 16. e4 Rad8 17. Nh4 Nd4 18. Bd1 Qg5 19. Bf3 Qe7 20. Be2 Nxe2 21.
Nxe2 g5 22. Nf3 f6 23. Ng3 Qa3 24. Ra1 Rd7 25. d3 Qc5 26. Rc1 Qa3 27. Ra1 Qc5
28. Qe2 Bg4 29. a4 h5 30. Rf2 h4 31. Nf1 Nh5 32. Ne3 Nf4 33. Qd2 Bh5 34. Raf1
Bg6 35. Qe1 Rh7 36. Ng1 c6 37. Nh3 Qd6 38. Nc4 Qe6 39. Rf3 Bh5 40. Nxf4 gxf4
41. Rh3 f3 42. Rxh4 fxg2+ 43. Kxg2 Rff7 44. Rf5 Rfg7+ 45. Kf1 Rg5 46. Qf2 Kg7
47. Rxg5+ fxg5 48. Qg3 Qf6+ 49. Ke1 b5 50. Nxe5 1-0

[Event "XIX. DBMM Schach"]
[Site "Billerbeck"]
[Date "2019.09.08"]
[Round "7.1"]
[White "Scheffner, Axel"]
[Black "Boerger, Andreas"]
[Result "1-0"]
[WhiteElo "2249"]
[BlackElo "1768"]
[Annotator "br"]
[PlyCount "75"]
[EventDate "2019.09.??"]
[EventType "team-swiss"]
[EventRounds "7"]
[EventCountry "GER"]
[SourceTitle "XIX. DBMM 2019"]
[Source "FV Schach e.V."]
[SourceDate "2019.09.09"]
[SourceVersion "4"]
[SourceVersionDate "2019.10.16"]
[SourceQuality "1"]
[WhiteTeam "Vodafone Duesseldorf"]
[BlackTeam "Westf. Provinzial-Versicherung Muenster"]
[WhiteTeamCountry "GER"]
[BlackTeamCountry "GER"]

1. d4 d5 2. c4 c6 3. Nf3 Nf6 4. Nc3 g6 5. Bf4 Bg7 6. e3 O-O 7. h3 b6 8. Qb3 Ba6
9. Rc1 e6 10. Be2 Ne8 11. Qa4 Bb7 12. O-O dxc4 13. Qxc4 Nd7 14. Rfd1 Qe7 15.
Ne5 Nxe5 16. dxe5 Nc7 17. e4 Rfd8 18. Qa4 a6 19. Qb3 b5 20. Na4 Rxd1+ 21. Bxd1
Rc8 22. Nc5 Na8 23. Qe3 Qc7 24. Be2 Nb6 25. Rd1 a5 26. Qd2 Bf8 27. Be3 a4 28.
b3 axb3 29. axb3 Be7 30. Qa5 Ra8 31. Qc3 Rd8 32. Rc1 Ba8 33. Ra1 Kg7 34. f4 Nd7
35. Ra7 Qc8 36. f5 exf5 37. Nxd7 b4 38. Qa1 1-0